000 01022cam a22003257a 4500
003 CHAP
005 20220329135925.0
008 971013s1978 r 00010 d
010 _a44194
011 _a45166
035 _a49305
040 _cCHAP
090 _aFolleto 6645
100 0 0 _aSala Galán, José.
_9101247
245 0 _aPatrones y variedades en cítricos
260 _aMadrid :
_bMinisterio de Agricultura,
_c1978
300 _a63 p.
_b: ilus.
490 0 _aAgricultura práctica
590 _aBATCH-UPD
_b10
_c20130110
_lUCH01
_h1805
590 _aBATCH-UPD
_b10
_c20130410
_lUCH01
_h1140
590 _aBATCH-UPD
_b10
_c20130914
_lUCH01
_h0958
590 _aCONVERSION
_b10
_c20130109
_lUCH01
_h1324
650 1 4 _aCítricos.
_924392
830 0 _aAgricultura practica
_92009
901 _aBK
942 _cFOLL
949 _aFolleto 6645
_bBC
_cFOLL
_d-111280
_eTS1
_i49305
_si
949 _aFolleto 6645
_bBC
_cFOLL
_d-111281
_eTS2
_fc.2
_i49305
_si
949 _aFolleto 6645
_bBC
_cFOLL
_d-111282
_eTS2
_fc.3
_i49305
_si
999 _c44194
_d44194